000 00364nam a2200145Ia 4500
008 230711s9999||||xx |||||||||||||| ||und||
041 _aENG
082 _a4
_bGO-I
100 _aGovindarajalu
245 0 _aIBM PC and Clones
250 _a1st . Ed.
260 _c1997
_aNew Delhi
_bTata McGraw Hill Education Limited
650 _aComputer Engineering
942 _cBK
999 _c3696
_d3696